[Event "BUL-chT GpB 63rd"]
[Site "Sunny Beach"]
[Date "2013.09.22"]
[Round "6.2"]
[White "Lukov, Valentin"]
[Black "Stefanov, Krasimir"]
[Result "1/2-1/2"]
[WhiteElo "2419"]
[BlackElo "2381"]
[PlyCount "28"]
[EventDate "2013.09.19"]
[EventType "team-tourn"]
[EventRounds "9"]
[EventCountry "BUL"]
[SourceTitle "CBM 156 Extra"]
[Source "ChessBase"]
[SourceDate "2013.10.22"]
[SourceVersion "1"]
[SourceVersionDate "2013.10.22"]
[SourceQuality "1"]
[WhiteTeam "Sofia Slavia"]
[BlackTeam "Silistra"]
[WhiteTeamCountry "BUL"]
[BlackTeamCountry "BUL"]

1. d4 d5 2. c4 c6 3. e3 Nf6 4. Nc3 e6 5. Bd3 Nbd7 6. Nf3 Bd6 7. e4 dxe4 8. Nxe4 Nxe4 9. Bxe4 e5 10. 0-0 exd4 11. Qxd4 Qf6 12. Be3 0-0 13. Rad1 Bc7 14. Qd3 h6 1/2-1/2

[Event "BUL-chT GpB 63rd"]
[Site "Sunny Beach"]
[Date "2013.09.20"]
[Round "3.2"]
[White "Lukov, Valentin"]
[Black "Dimov, Dian"]
[Result "1/2-1/2"]
[WhiteElo "2419"]
[BlackElo "2289"]
[PlyCount "46"]
[EventDate "2013.09.19"]
[EventType "team-tourn"]
[EventRounds "9"]
[EventCountry "BUL"]
[SourceTitle "CBM 156 Extra"]
[Source "ChessBase"]
[SourceDate "2013.10.22"]
[SourceVersion "1"]
[SourceVersionDate "2013.10.22"]
[SourceQuality "1"]
[WhiteTeam "Sofia Slavia"]
[BlackTeam "Blagoevgrad Victory"]
[WhiteTeamCountry "BUL"]
[BlackTeamCountry "BUL"]

1. d4 c5 2. d5 Nf6 3. Nc3 d6 4. e4 g6 5. Bb5+ Nfd7 6. a4 Bg7 7. Nf3 0-0 8. 0-0 Na6 9. Re1 Nc7 10. Bf1 Nf6 11. h3 e6 12. dxe6 Bxe6 13. Bf4 Nce8 14. Qd2 a6 15. Red1 Qa5 16. Bh6 Qb4 17. Bxg7 Kxg7 18. Qe3 Qa5 19. Nd2 Rd8 20. Nc4 Qc7 21. e5 dxe5 22. Rxd8 Qxd8 23. Qxc5 Nd7 1/2-1/2

[Event "BUL-chT-B 62nd"]
[Site "Sunny Beach"]
[Date "2012.09.19"]
[Round "1.1"]
[White "Lukov, Valentin"]
[Black "Filev, Georgi"]
[Result "1/2-1/2"]
[WhiteElo "2420"]
[BlackElo "2352"]
[PlyCount "61"]
[EventDate "2012.09.19"]
[EventType "team-swiss"]
[EventRounds "7"]
[EventCountry "BUL"]
[SourceTitle "CBM 150 Extra"]
[Source "ChessBase"]
[SourceDate "2012.10.19"]
[SourceVersion "1"]
[SourceVersionDate "2012.10.19"]
[SourceQuality "1"]
[WhiteTeam "Sofia Slavia"]
[BlackTeam "Sofia CSKA"]
[WhiteTeamCountry "BUL"]
[BlackTeamCountry "BUL"]

1. c4 c5 2. Nf3 Nc6 3. d4 cxd4 4. Nxd4 Nf6 5. Nc3 Qb6 6. e3 e6 7. Be2 Be7 8. 0-0 0-0 9. b3 d5 10. Na4 Qd8 11. Bb2 Bd7 12. Nf3 dxc4 13. Bxc4 a6 14. Nc3 Qc7 15. Rc1 Rfd8 16. Qe2 Rac8 17. Bd3 Qb8 18. Rfd1 Be8 19. Bb1 Rxd1+ 20. Rxd1 Rd8 21. h3 h6 22. Nd2 b5 23. Nce4 Nxe4 24. Nxe4 Rxd1+ 25. Qxd1 f5 26. Nc3 Qd8 27. Qxd8 Bxd8 28. Kf1 Bc7 29. Ne2 g6 30. Nf4 Bf7 31. Nd3 1/2-1/2

[Event "Sofia Baharov Memorial 18th"]
[Site "Sofia"]
[Date "2010.11.25"]
[Round "1"]
[White "Lukov, Valentin"]
[Black "Chunchukov, Ivelin"]
[Result "1-0"]
[WhiteElo "2420"]
[BlackElo "1754"]
[PlyCount "63"]
[EventDate "2010.11.25"]
[EventType "swiss"]
[EventRounds "7"]
[EventCountry "BUL"]
[SourceTitle "CBM 139 Extra"]
[Source "ChessBase"]
[SourceDate "2011.01.05"]
[SourceVersion "1"]
[SourceVersionDate "2011.01.05"]
[SourceQuality "1"]

1. d4 d5 2. c4 c6 3. Nf3 Nf6 4. e3 e6 5. Bd3 Bd6 6. 0-0 Nbd7 7. Nc3 0-0 8. e4 dxe4 9. Nxe4 Nxe4 10. Bxe4 h6 11. Bc2 b6 12. Qd3 f5 13. Re1 Nf6 14. Be3 Qc7 15. c5 Be7 16. b4 Rd8 17. Bb3 Nd5 18. Bd2 Bf6 19. Rac1 b5 20. a4 a6 21. Ra1 Bd7 22. Ra2 Ra7 23. Qe2 Rda8 24. Rea1 Kh7 25. g3 g5 26. h4 gxh4 27. Bxd5 exd5 28. Bf4 Qb7 29. Ne5 Re8 30. Qh5 Bxe5 31. Qxh6+ Kg8 32. Bxe5 1-0

[Event "BUL-chT 56th"]
[Site "Sunny Beach"]
[Date "2006.10.10"]
[Round "6"]
[White "Lukov, Valentin"]
[Black "Bratanov, Zsivko"]
[Result "1/2-1/2"]
[WhiteElo "2429"]
[BlackElo "2420"]
[PlyCount "22"]
[EventDate "2006.10.05"]
[EventType "team-tourn"]
[EventRounds "7"]
[EventCountry "BUL"]
[SourceTitle "CBM 114 Extra"]
[Source "ChessBase"]
[SourceDate "2006.11.03"]
[SourceVersion "1"]
[SourceVersionDate "2006.11.03"]
[SourceQuality "1"]
[WhiteTeam "Sofia Lokomotiv"]
[BlackTeam "Plovdiv Lokomotiv 2000"]
[WhiteTeamCountry "BUL"]
[BlackTeamCountry "BUL"]

1. d4 Nf6 2. Nf3 d5 3. g3 c6 4. Bg2 Bf5 5. Nh4 Be6 6. Nc3 g6 7. e4 Nxe4 8. Nxe4 dxe4 9. Bxe4 Bg7 10. c3 Bd5 11. Bf3 0-0 1/2-1/2

[Event "BUL-chT 55th"]
[Site "Sunny Beach"]
[Date "2005.09.26"]
[Round "1.3"]
[White "Lukov, Valentin"]
[Black "Rahnev, Alexandr"]
[Result "1-0"]
[WhiteElo "2439"]
[BlackElo "2103"]
[PlyCount "75"]
[EventDate "2005.09.26"]
[EventType "team-swiss"]
[EventRounds "7"]
[EventCountry "BUL"]
[SourceTitle "CBM 108 Extra"]
[Source "ChessBase"]
[SourceDate "2005.11.04"]
[SourceVersion "1"]
[SourceVersionDate "2005.11.04"]
[SourceQuality "1"]
[WhiteTeam "Sofia Lokomotiv"]
[BlackTeam "Plovdiv Maritza"]
[WhiteTeamCountry "BUL"]
[BlackTeamCountry "BUL"]

1. Nf3 d5 2. d4 c6 3. c4 Nf6 4. e3 e6 5. Bd3 Nbd7 6. 0-0 Be7 7. Nc3 0-0 8. e4 dxe4 9. Nxe4 b6 10. Qe2 Bb7 11. Rd1 Qc7 12. Bg5 Rfe8 13. c5 bxc5 14. dxc5 Nxc5 15. Nxc5 Bxc5 16. Bxf6 gxf6 17. Bxh7+ Kg7 18. Rac1 Bd6 19. Bd3 Rad8 20. g3 f5 21. b4 Qe7 22. Ne5 Qf6 23. Nc4 Be7 24. Na5 Ba8 25. a3 e5 26. Ba6 Rxd1+ 27. Rxd1 Rd8 28. Bb7 Bxb7 29. Nxb7 Rd5 30. Rc1 Rb5 31. Na5 Rb6 32. Qc4 Qd6 33. Nxc6 Bg5 34. Qc5 Qg6 35. Rc2 e4 36. Qc3+ Qf6 37. Qxf6+ Bxf6 38. Na5 1-0

[Event "BUL-chT 54th"]
[Site "Plovdiv"]
[Date "2004.11.25"]
[Round "6.5"]
[White "Lukov, Valentin"]
[Black "Georgiev, Biser"]
[Result "1-0"]
[WhiteElo "2442"]
[BlackElo "2279"]
[PlyCount "115"]
[EventDate "2004.11.20"]
[EventType "team-swiss"]
[EventRounds "7"]
[EventCountry "BUL"]
[SourceTitle "EXT 2006"]
[Source "ChessBase"]
[SourceDate "2005.11.24"]
[SourceVersion "1"]
[SourceVersionDate "2005.11.24"]
[SourceQuality "1"]
[WhiteTeam "Sofia Lokomotiv"]
[BlackTeam "Sofia CSKA"]
[WhiteTeamCountry "BUL"]
[BlackTeamCountry "BUL"]

1. Nf3 Nf6 2. c4 g6 3. Nc3 d5 4. cxd5 Nxd5 5. Qa4+ c6 6. Qd4 Nf6 7. Qxd8+ Kxd8 8. d4 Bf5 9. Ng5 Ke8 10. e4 Bc8 11. Bc4 e6 12. 0-0 h6 13. Nf3 b5 14. Bd3 Bb7 15. Re1 a6 16. Bd2 Nbd7 17. e5 Nd5 18. Nxd5 cxd5 19. a4 bxa4 20. Rxa4 Nb6 21. Ra2 Be7 22. Rea1 Nc4 23. Bc1 Kd7 24. b3 Nb6 25. Bxa6 Bxa6 26. Rxa6 Rxa6 27. Rxa6 Na8 28. Ra7+ Nc7 29. Bd2 Rb8 30. Bxh6 Rxb3 31. h4 Kc6 32. Be3 Rb8 33. g3 Kb6 34. Ra1 Nb5 35. Rc1 Ba3 36. Rc2 Bb4 37. Bd2 Be7 38. Kg2 Ra8 39. g4 f6 40. Be3 Kb7 41. Kg3 Rh8 42. Rc1 Na7 43. exf6 Bxf6 44. Bg5 Bg7 45. Ne5 Bxe5+ 46. dxe5 Nc6 47. Bf6 Rh7 48. Kf4 d4 49. Kg5 d3 50. Kxg6 Rd7 51. h5 Nd4 52. h6 Ne2 53. Rb1+ Kc6 54. h7 Nc3 55. Rc1 d2 56. Rxc3+ Kb5 57. Rb3+ Kc4 58. Rb1 1-0

[Event "BUL-chT 54th"]
[Site "Plovdiv"]
[Date "2004.11.24"]
[Round "5.6"]
[White "Lukov, Valentin"]
[Black "Dobrev, Nanko"]
[Result "1-0"]
[WhiteElo "2442"]
[BlackElo "2416"]
[PlyCount "95"]
[EventDate "2004.11.20"]
[EventType "team-swiss"]
[EventRounds "7"]
[EventCountry "BUL"]
[SourceTitle "EXT 2006"]
[Source "ChessBase"]
[SourceDate "2005.11.24"]
[SourceVersion "1"]
[SourceVersionDate "2005.11.24"]
[SourceQuality "1"]
[WhiteTeam "Sofia Lokomotiv"]
[BlackTeam "Plovdiv Lokomotiv 2000"]
[WhiteTeamCountry "BUL"]
[BlackTeamCountry "BUL"]

1. Nf3 d5 2. d4 Nf6 3. c4 e6 4. g3 c5 5. cxd5 exd5 6. Bg2 Nc6 7. 0-0 Be7 8. dxc5 Bxc5 9. Nc3 0-0 10. Na4 Be7 11. Be3 Ne4 12. Nd4 Ne5 13. Rc1 Qa5 14. Bf4 Bd7 15. Bxe5 Bxa4 16. Qd3 Bg5 17. f4 Bd8 18. Nf5 Qb6+ 19. Bd4 Qg6 20. Ne3 Bc6 21. f5 Qd6 22. Bxe4 dxe4 23. Qc3 Ba5 24. Qxa5 Qxd4 25. Qa3 Bb5 26. Rfd1 Qf6 27. Rc2 Kh8 28. Qc5 a6 29. Rd6 Qg5 30. Kf2 Qh5 31. h4 f6 32. Qd4 h6 33. Rd2 Rae8 34. b3 Re5 35. Rd5 Rfe8 36. Rxe5 Rxe5 37. Qd8+ Kh7 38. Qc8 Re7 39. a4 Bxe2 40. Rd8 Qf3+ 41. Ke1 Qxg3+ 42. Kd2 Rd7+ 43. Qxd7 Bd3 44. Qe8 Qf2+ 45. Kc3 Qe1+ 46. Kd4 Qa1+ 47. Kc5 Qc1+ 48. Kd6 1-0

[Event "Paris NAO IM 4th"]
[Site "Paris"]
[Date "2003.12.21"]
[Round "7"]
[White "Lukov, Valentin"]
[Black "Onkoud, Abdelaziz"]
[Result "1/2-1/2"]
[WhiteElo "2429"]
[BlackElo "2323"]
[PlyCount "106"]
[EventDate "2003.12.15"]
[EventType "tourn"]
[EventRounds "9"]
[EventCountry "FRA"]
[EventCategory "4"]
[SourceTitle "CBM 097 Extra"]
[Source "ChessBase"]
[SourceDate "2004.01.13"]
[SourceVersion "1"]
[SourceVersionDate "2004.01.13"]
[SourceQuality "1"]

1. d4 g6 2. Nf3 Bg7 3. e4 d6 4. h3 a6 5. c4 Nd7 6. Nc3 c5 7. d5 Ngf6 8. Bd3 0-0 9. 0-0 b5 10. cxb5 axb5 11. Bxb5 Ba6 12. Re1 Bxb5 13. Nxb5 Qb6 14. a4 Ne8 15. Qc2 Nc7 16. Nxc7 Qxc7 17. Bd2 Ra6 18. Ra2 Qa7 19. b3 Rb8 20. Bc3 Rbb6 21. Ra3 Bxc3 22. Qxc3 Rb4 23. Re3 c4 24. bxc4 Qc5 25. Qd4 Rxc4 26. Qxc5 Nxc5 27. a5 Ra8 28. Nd2 Rb4 29. f3 Ra6 30. Rec3 Rb5 31. Nc4 f5 32. e5 dxe5 33. Nxe5 Rbxa5 34. Rxa5 Rxa5 35. Nc6 Rb5 36. Nxe7+ Kf7 37. Nc8 Kf6 38. f4 h6 39. h4 g5 40. hxg5+ hxg5 41. fxg5+ Kxg5 42. d6 Kf6 43. Kh2 Nd7 44. Rh3 Rc5 45. Rh8 Rc3 46. Ne7 Rd3 47. Rh6+ Kg5 48. Rg6+ Kh5 49. Re6 Kg5 50. Rg6+ Kh5 51. Rg3 Rxg3 52. Kxg3 Kg5 53. Nd5 f4+ 1/2-1/2

[Event "Paris NAO IM 4th"]
[Site "Paris"]
[Date "2003.12.20"]
[Round "6"]
[White "Goldsztejn, Gildas"]
[Black "Lukov, Valentin"]
[Result "1/2-1/2"]
[WhiteElo "2245"]
[BlackElo "2429"]
[PlyCount "53"]
[EventDate "2003.12.15"]
[EventType "tourn"]
[EventRounds "9"]
[EventCountry "FRA"]
[EventCategory "4"]
[SourceTitle "CBM 097 Extra"]
[Source "ChessBase"]
[SourceDate "2004.01.13"]
[SourceVersion "1"]
[SourceVersionDate "2004.01.13"]
[SourceQuality "1"]

1. d4 Nf6 2. Nf3 e6 3. g3 d5 4. Bg2 c6 5. 0-0 Nbd7 6. b3 Bd6 7. Bb2 Ne4 8. Ne5 f5 9. Nxd7 Bxd7 10. f3 Nf6 11. e4 dxe4 12. fxe4 fxe4 13. Nd2 0-0 14. Qe2 Qe7 15. Nxe4 Nxe4 16. Qxe4 Rxf1+ 17. Rxf1 Rf8 18. Rxf8+ Qxf8 19. Qf3 Qxf3 20. Bxf3 Be8 21. c4 Bg6 22. c5 Bc7 23. Kf2 Bb1 24. a3 Bc2 25. b4 Bb3 26. Be4 Bd5 27. Kf3 1/2-1/2

[Event "Paris NAO IM 4th"]
[Site "Paris"]
[Date "2003.12.16"]
[Round "2"]
[White "Marechal, Andy"]
[Black "Lukov, Valentin"]
[Result "1/2-1/2"]
[WhiteElo "2295"]
[BlackElo "2429"]
[PlyCount "24"]
[EventDate "2003.12.15"]
[EventType "tourn"]
[EventRounds "9"]
[EventCountry "FRA"]
[EventCategory "4"]
[SourceTitle "CBM 097 Extra"]
[Source "ChessBase"]
[SourceDate "2004.01.13"]
[SourceVersion "1"]
[SourceVersionDate "2004.01.13"]
[SourceQuality "1"]

1. e4 c5 2. Nf3 Nc6 3. Bb5 g6 4. 0-0 Bg7 5. c3 Nf6 6. Re1 0-0 7. h3 Qb6 8. Bf1 e5 9. d4 exd4 10. cxd4 cxd4 11. e5 Ne8 12. Na3 d5 1/2-1/2

[Event "BUL-chT"]
[Site "Plovdiv"]
[Date "2003.11.09"]
[Round "7"]
[White "Bojkov, Dejan"]
[Black "Lukov, Valentin"]
[Result "1-0"]
[WhiteElo "2398"]
[BlackElo "2429"]
[PlyCount "57"]
[EventDate "2003.11.??"]
[EventType "team-tourn"]
[EventRounds "9"]
[EventCountry "BUL"]
[SourceTitle "CBM 097 Extra"]
[Source "ChessBase"]
[SourceDate "2004.01.13"]
[SourceVersion "1"]
[SourceVersionDate "2004.01.13"]
[SourceQuality "1"]

1. e4 c5 2. Nf3 e6 3. d3 Nc6 4. g3 d5 5. Nbd2 g6 6. Bg2 Bg7 7. 0-0 Nge7 8. Re1 0-0 9. c3 h6 10. h4 b6 11. e5 Ba6 12. Nf1 d4 13. c4 b5 14. b3 bxc4 15. bxc4 Rb8 16. Bf4 Qa5 17. N1d2 Qc7 18. Ne4 Nd8 19. Qc1 h5 20. Qa3 Bb7 21. Qxc5 Qxc5 22. Nxc5 Bxf3 23. Bxf3 Rc8 24. Nd7 Re8 25. Rab1 Nec6 26. Bg5 Rc7 27. Nf6+ Bxf6 28. Bxf6 Kf8 29. Rb5 1-0

[Event "BUL-chT"]
[Site "Plovdiv"]
[Date "2003.11.06"]
[Round "2"]
[White "Pantev, Veselin"]
[Black "Lukov, Valentin"]
[Result "1/2-1/2"]
[WhiteElo "2334"]
[BlackElo "2429"]
[PlyCount "55"]
[EventDate "2003.11.??"]
[EventType "team-tourn"]
[EventRounds "9"]
[EventCountry "BUL"]
[SourceTitle "CBM 097 Extra"]
[Source "ChessBase"]
[SourceDate "2004.01.13"]
[SourceVersion "1"]
[SourceVersionDate "2004.01.13"]
[SourceQuality "1"]

1. d4 Nf6 2. Nf3 c5 3. e3 g6 4. c4 Bg7 5. Nc3 0-0 6. d5 d6 7. Be2 e6 8. 0-0 exd5 9. cxd5 Re8 10. a4 Na6 11. Bb5 Re7 12. Nd2 Nc7 13. e4 Rb8 14. Bd3 a6 15. a5 Bd7 16. f3 Bb5 17. Nc4 Bxc4 18. Bxc4 Nd7 19. Kh1 Re8 20. f4 b5 21. axb6 Nxb6 22. Be2 Bd4 23. Qd3 Qd7 24. Bf3 Bg7 25. Ra5 Nc8 26. f5 Be5 27. Bg4 Qe7 28. Qf3 1/2-1/2

[Event "Pierrefitte op"]
[Site "Pierrefitte"]
[Date "2003.09.28"]
[Round "5"]
[White "Vlahovic, Dimitri"]
[Black "Lukov, Valentin"]
[Result "0-1"]
[WhiteElo "1876"]
[BlackElo "2426"]
[PlyCount "90"]
[EventDate "2003.04.27"]
[EventType "swiss (rapid)"]
[EventRounds "7"]
[EventCountry "FRA"]
[SourceTitle "EXT 2005"]
[Source "ChessBase"]
[SourceDate "2004.11.15"]
[SourceVersion "1"]
[SourceVersionDate "2004.11.15"]
[SourceQuality "1"]

1. e4 c5 2. Nc3 Nc6 3. g3 g6 4. Bg2 Bg7 5. d3 d6 6. Nf3 e5 7. 0-0 Nge7 8. Ne2 d5 9. c3 0-0 10. Nh4 Be6 11. f4 dxe4 12. dxe4 Bc4 13. Qxd8 Raxd8 14. Bf3 f5 15. Re1 Bd3 16. exf5 e4 17. Bg4 gxf5 18. Bh3 h5 19. Be3 b6 20. Kf2 Na5 21. Rad1 Nc4 22. Bc1 Nd6 23. Ng2 Nd5 24. Ne3 Nxe3 25. Bxe3 Kh7 26. Nc1 Kg6 27. Bf1 c4 28. Ne2 Nb5 29. a4 Nc7 30. Nd4 Rd6 31. Bh3 a6 32. Ne2 Ne6 33. Nc1 Rfd8 34. Na2 Nc7 35. Nb4 a5 36. Nxd3 cxd3 37. Rd2 Nd5 38. Bg2 Re6 39. Ra1 Nxe3 40. Kxe3 Bf8 41. b4 axb4 42. cxb4 Bxb4 43. Rdd1 Bc5+ 44. Kd2 e3+ 45. Ke1 Bb4+ 0-1

[Event "Pierrefitte op"]
[Site "Pierrefitte"]
[Date "2003.09.27"]
[Round "2"]
[White "Lukov, Valentin"]
[Black "Butcher, Kenneth"]
[Result "1-0"]
[WhiteElo "2426"]
[BlackElo "1820"]
[PlyCount "55"]
[EventDate "2003.04.27"]
[EventType "swiss (rapid)"]
[EventRounds "7"]
[EventCountry "FRA"]
[SourceTitle "EXT 2005"]
[Source "ChessBase"]
[SourceDate "2004.11.15"]
[SourceVersion "1"]
[SourceVersionDate "2004.11.15"]
[SourceQuality "1"]

1. d4 Nf6 2. Nf3 d5 3. c4 e6 4. g3 Bb4+ 5. Bd2 Bxd2+ 6. Nbxd2 c6 7. Bg2 Nbd7 8. 0-0 0-0 9. Qc2 Qe7 10. e4 Nxe4 11. Nxe4 dxe4 12. Qxe4 Nf6 13. Qe3 Re8 14. Rfe1 Rb8 15. Ne5 Nd7 16. Rad1 Nxe5 17. dxe5 Ra8 18. Rd6 Rd8 19. Red1 Rxd6 20. Rxd6 f6 21. Qd3 g6 22. exf6 Qxf6 23. Rd8+ Kf7 24. Qd6 Qe7 25. Qf4+ Kg7 26. Qe5+ Kh6 27. Rg8 Qf7 28. Qe3+ 1-0

[Event "Paris NAO IM 3rd"]
[Site "Paris"]
[Date "2003.02.20"]
[Round "8"]
[White "Lukov, Valentin"]
[Black "Nguyen, Chi Minh"]
[Result "1/2-1/2"]
[WhiteElo "2451"]
[BlackElo "2366"]
[PlyCount "106"]
[EventDate "2003.02.13"]
[EventType "tourn"]
[EventRounds "9"]
[EventCountry "FRA"]
[EventCategory "4"]
[SourceTitle "EXT 2005"]
[Source "ChessBase"]
[SourceDate "2004.11.15"]
[SourceVersion "1"]
[SourceVersionDate "2004.11.15"]
[SourceQuality "1"]

1. d4 c5 2. d5 e6 3. Nc3 d6 4. e4 Be7 5. Bb5+ Bd7 6. a4 Bxb5 7. axb5 Bf6 8. dxe6 fxe6 9. Bf4 Bxc3+ 10. bxc3 Qf6 11. Ne2 e5 12. Bg3 Qe6 13. Qd3 Nd7 14. Rd1 Ngf6 15. 0-0 c4 16. Qxd6 Qxd6 17. Rxd6 Nxe4 18. Rdd1 0-0-0 19. Rfe1 Nxg3 20. Nxg3 Nf6 21. Ra1 Kb8 22. Rxe5 Rhe8 23. Rc5 Rd5 24. Rxc4 Rxb5 25. Nf1 a6 26. h3 Re4 27. Rd4 Rc5 28. Rd3 Rec4 29. Ra3 Nd5 30. Ne3 Nxe3 31. fxe3 Ka7 32. Kf2 h5 33. Kf3 Rf5+ 34. Ke2 Rg5 35. Kf3 h4 36. Rd4 Rgc5 37. Rxc4 Rxc4 38. e4 g5 39. Ke3 Rc7 40. e5 Rc4 41. Kd3 Rf4 42. Ra1 Kb6 43. Re1 Kc7 44. e6 Kd8 45. Re5 g4 46. Rd5+ Ke8 47. hxg4 Rxg4 48. Rd4 Rg3+ 49. Kc4 Rxg2 50. Rxh4 Rxc2 51. Rh7 b5+ 52. Kd3 Ra2 53. Kd4 Rd2+ 1/2-1/2

[Event "Paris NAO IM 3rd"]
[Site "Paris"]
[Date "2003.02.15"]
[Round "3"]
[White "Lukov, Valentin"]
[Black "Libiszewski, Fabien"]
[Result "1/2-1/2"]
[WhiteElo "2451"]
[BlackElo "2332"]
[PlyCount "23"]
[EventDate "2003.02.13"]
[EventType "tourn"]
[EventRounds "9"]
[EventCountry "FRA"]
[EventCategory "4"]
[SourceTitle "EXT 2005"]
[Source "ChessBase"]
[SourceDate "2004.11.15"]
[SourceVersion "1"]
[SourceVersionDate "2004.11.15"]
[SourceQuality "1"]

1. Nf3 Nf6 2. c4 g6 3. Nc3 Bg7 4. d4 0-0 5. Bg5 c5 6. e3 cxd4 7. exd4 d5 8. Bxf6 Bxf6 9. cxd5 Bg4 10. Qd2 Bxf3 11. gxf3 e6 12. Bc4 1/2-1/2

[Event "Paris NAO IM 3rd"]
[Site "Paris"]
[Date "2003.02.14"]
[Round "2"]
[White "Le Roy, Brice"]
[Black "Lukov, Valentin"]
[Result "0-1"]
[WhiteElo "2302"]
[BlackElo "2451"]
[PlyCount "70"]
[EventDate "2003.02.13"]
[EventType "tourn"]
[EventRounds "9"]
[EventCountry "FRA"]
[EventCategory "4"]
[SourceTitle "EXT 2005"]
[Source "ChessBase"]
[SourceDate "2004.11.15"]
[SourceVersion "1"]
[SourceVersionDate "2004.11.15"]
[SourceQuality "1"]

1. e4 e6 2. d4 d5 3. Nd2 Nf6 4. e5 Nfd7 5. Bd3 c5 6. c3 Nc6 7. Ne2 cxd4 8. cxd4 f6 9. exf6 Nxf6 10. Nf3 Bd6 11. 0-0 Qc7 12. Nc3 a6 13. Bg5 0-0 14. Bh4 Nh5 15. Rc1 g6 16. a3 Qg7 17. Bb1 Bd7 18. Re1 Rae8 19. b4 Bf4 20. Rc2 g5 21. Bg3 g4 22. Ne5 Nxe5 23. dxe5 Nxg3 24. hxg3 Bxe5 25. Qd3 Bd4 26. Ba2 Kh8 27. Rd1 Bb6 28. b5 Rc8 29. Rdc1 axb5 30. Nd1 Bc6 31. Rb2 e5 32. Qe2 e4 33. Rbb1 Ba7 34. Qd2 d4 35. Qe2 Rce8 0-1

[Event "FRA-chT2W 0203"]
[Site "France"]
[Date "2003.01.18"]
[Round "5"]
[White "Lejarre, Ludovic"]
[Black "Lukov, Valentin"]
[Result "1-0"]
[WhiteElo "2216"]
[BlackElo "2451"]
[PlyCount "57"]
[EventDate "2002.10.??"]
[EventType "team-tourn"]
[EventRounds "11"]
[EventCountry "FRA"]
[SourceTitle "EXT 2004"]
[Source "ChessBase"]
[SourceDate "2003.11.25"]
[SourceVersion "1"]
[SourceVersionDate "2003.11.25"]
[SourceQuality "1"]
[WhiteTeam "Poitiers Buxerolles"]
[BlackTeam "Le Mans"]
[WhiteTeamCountry "FRA"]
[BlackTeamCountry "FRA"]

1. e4 c5 2. Nc3 Nc6 3. f4 g6 4. Nf3 Bg7 5. Bb5 Nd4 6. 0-0 b6 7. d3 Bb7 8. Ba4 a6 9. Nxd4 cxd4 10. Ne2 Nh6 11. h3 f5 12. e5 b5 13. Bb3 Qb6 14. Qe1 e6 15. Qf2 Nf7 16. Nxd4 g5 17. Be3 Qa5 18. Bxe6 dxe6 19. Nxe6 Bf8 20. Bb6 Qb4 21. Nc7+ Kd7 22. e6+ Kc8 23. exf7 Rb8 24. Rae1 Be7 25. c3 Qd6 26. Re6 Qd7 27. Rfe1 Bd8 28. Re8 Qxf7 29. Rxh8 1-0

[Event "Rohde op 02nd"]
[Site "Sautron"]
[Date "2002.10.31"]
[Round "6"]
[White "Lukov, Valentin"]
[Black "Mullon, Jean Baptiste"]
[Result "1/2-1/2"]
[WhiteElo "2463"]
[BlackElo "2318"]
[PlyCount "92"]
[EventDate "2002.10.26"]
[EventType "swiss"]
[EventRounds "9"]
[EventCountry "FRA"]
[SourceTitle "EXT 2003"]
[Source "ChessBase"]
[SourceDate "2002.11.25"]
[SourceVersion "1"]
[SourceVersionDate "2002.11.25"]
[SourceQuality "1"]

1. Nf3 d5 2. c4 c6 3. e3 Nf6 4. Nc3 e6 5. d4 Nbd7 6. Bd3 dxc4 7. Bxc4 b5 8. Be2 b4 9. Na4 Qa5 10. 0-0 Ba6 11. Bxa6 Qxa6 12. a3 Qb5 13. b3 bxa3 14. Bxa3 Bxa3 15. Rxa3 0-0 16. Qc2 Qb4 17. Rfa1 Rab8 18. h3 Rfc8 19. Nc5 Nxc5 20. dxc5 Rb5 21. Rxa7 Rxc5 22. Ra8 Rf8 23. Rxf8+ Kxf8 24. Ra8+ Ke7 25. Ra7+ Nd7 26. Qxh7 Rc1+ 27. Kh2 Qd6+ 28. g3 Qd1 29. Qh4+ f6 30. Qb4+ c5 31. Rxd7+ Qxd7 32. Qg4 Kf8 33. Qf4 e5 34. Qe4 Qd1 35. g4 Qxb3 36. g5 Qe6 37. Nh4 fxg5 38. Ng6+ Kf7 39. Nxe5+ Ke7 40. Qb7+ Kf6 41. Nd7+ Kf7 42. Nxc5+ Qe7 43. Qxe7+ Kxe7 44. Ne4 Ke6 45. Nxg5+ Kf5 46. Nf3 g5 1/2-1/2

[Event "Rohde op 02nd"]
[Site "Sautron"]
[Date "2002.10.30"]
[Round "5"]
[White "Trajkovic, Predrag"]
[Black "Lukov, Valentin"]
[Result "1/2-1/2"]
[WhiteElo "2344"]
[BlackElo "2463"]
[PlyCount "62"]
[EventDate "2002.10.26"]
[EventType "swiss"]
[EventRounds "9"]
[EventCountry "FRA"]
[SourceTitle "EXT 2003"]
[Source "ChessBase"]
[SourceDate "2002.11.25"]
[SourceVersion "1"]
[SourceVersionDate "2002.11.25"]
[SourceQuality "1"]

1. d4 Nf6 2. c4 e6 3. Nf3 Bb4+ 4. Bd2 Qe7 5. g3 Nc6 6. Nc3 d5 7. cxd5 exd5 8. Bg2 0-0 9. 0-0 h6 10. a3 Bxc3 11. Bxc3 Ne4 12. Rc1 Re8 13. e3 Bf5 14. Qb3 Qe6 15. Nd2 Nd8 16. Nxe4 Bxe4 17. f3 Bg6 18. Rfe1 c6 19. e4 dxe4 20. Qxe6 Nxe6 21. fxe4 Ng5 22. e5 Rad8 23. h4 Ne6 24. Red1 Bh5 25. Rd2 Rd7 26. d5 cxd5 27. Rxd5 Rc7 28. Bd2 Rxc1+ 29. Bxc1 b6 30. Bd2 Bg4 31. Bc3 g5 1/2-1/2

[Event "FRA-chT2W 0203"]
[Site "France"]
[Date "2002.10.13"]
[Round "1"]
[White "Lukov, Valentin"]
[Black "Delaunay, Sebastien"]
[Result "1/2-1/2"]
[WhiteElo "2463"]
[BlackElo "2271"]
[PlyCount "76"]
[EventDate "2002.10.??"]
[EventType "team-tourn"]
[EventRounds "11"]
[EventCountry "FRA"]
[SourceTitle "EXT 2004"]
[Source "ChessBase"]
[SourceDate "2003.11.25"]
[SourceVersion "1"]
[SourceVersionDate "2003.11.25"]
[SourceQuality "1"]
[WhiteTeam "Le Mans"]
[BlackTeam "Nantes"]
[WhiteTeamCountry "FRA"]
[BlackTeamCountry "FRA"]

1. Nf3 d5 2. c4 e6 3. d4 Nf6 4. Nc3 Be7 5. Bg5 h6 6. Bxf6 Bxf6 7. Qc2 Be7 8. Rd1 0-0 9. e4 dxe4 10. Qxe4 Nd7 11. Bd3 Nf6 12. Qe2 b6 13. 0-0 Bb7 14. Ne5 Bd6 15. Ne4 Nxe4 16. Bxe4 Bxe4 17. Qxe4 Bxe5 18. dxe5 Qe7 19. Rd3 Rad8 20. Rfd1 a5 21. g3 Rxd3 22. Qxd3 Qc5 23. Qe4 Qe7 24. Qd4 Rb8 25. h4 Qc5 26. h5 Qxd4 27. Rxd4 Kf8 28. Kf1 Ke7 29. Ke2 Rd8 30. Ke3 Rxd4 31. Kxd4 Kd7 32. f4 g6 33. g4 gxh5 34. gxh5 Kc6 35. a4 Kb7 36. c5 Kc6 37. cxb6 Kxb6 38. Kc4 c5 1/2-1/2